| 000 | 00797cam a2200253 a 4500 | ||
|---|---|---|---|
| 001 | 977 | ||
| 003 | BR-CuiBMT | ||
| 005 | 20231124183558.0 | ||
| 008 | 230829s2008 rjb 001 0 por d | ||
| 020 | _a9788530927141 | ||
| 040 |
_aBR-CuiBMT _cBR-CuiBMT |
||
| 080 |
_22007 _a35.081 |
||
| 090 |
_a35.081 _bA659d _c2. ed. |
||
| 100 | 1 |
_aAragão, Alexandre Santos de, _d1969- |
|
| 245 | 1 | 0 |
_aDireito dos serviços públicos / _cAlexandre Santos de Aragão. |
| 250 | _a2. ed. | ||
| 260 |
_aRio de Janeiro : _bForense, _c2008. |
||
| 300 |
_a852 p. ; _c26 cm |
||
| 504 | _aInclui bibliografia e índice. | ||
| 650 |
_aServiços públicos _xAspectos jurídicos _zBrasil |
||
| 650 |
_aServiço público _xJurisprudência _zBrasil |
||
| 650 |
_aConcessão de serviços públicos _zBrasil |
||
| 942 |
_2udc _cLV |
||
| 999 |
_c977 _d977 |
||